Copyright Act, 1987 (Act 332) and Regulations & Orders (together with) Akta Hakcipta, 1987 (Akta 332) dan Peraturan-Peraturan & Perintah-Perintah : (as at 10th January 1993

Bibliographic Details
Format: Book
Published: Kuala Lumpur : International Law Book Services , 1993
Subjects:

MARC

LEADER 00000cam a2200000 7i4500
001 0000007261
005 20201015.0
020 |a 9678904519 
040 |a INS 
090 0 0 |a KPG1104.A311987   |b M35 1993 
245 1 0 |a Copyright Act, 1987 (Act 332) and Regulations & Orders (together with) Akta Hakcipta, 1987 (Akta 332) dan Peraturan-Peraturan & Perintah-Perintah :   |b (as at 10th January 1993   |c compiled by Legal Research Board) 
260 |a Kuala Lumpur :   |b International Law Book Services ,   |c 1993 
300 |a 158 ms. ;   |c 25 cm. 
650 0 0 |a Copyright infringement   |z Malaysia 
650 0 0 |a Copyright   |z Malaysia 
999 |a 0000004945   |b BOOK   |c Acts   |e Default branch